bfdi/bfb/tpot contestants and debuters - Statistics

General Stats
  • This quiz has been taken 85 times
  • The average score is 53 of 92
Answer Stats
Hint Answer % Correct
86 tennis ball
83%
1 8 ball
80%
2 9 ball
80%
32 evil leafy
78%
46 leafy
78%
7 basket ball
76%
34 firey
76%
35 firey jr.
76%
36 flower
76%
69 robot flower
76%
60 pen
73%
64 pin
73%
80 snowball
73%
43 ice cube
71%
65 price tag
71%
90 winner
71%
18 bubble
68%
26 david
68%
61 pencil
68%
81 spongy
68%
87 tree
68%
12 blocky
66%
53 match
66%
24 coiny
63%
28 donut
63%
31 eraser
63%
41 golfball
63%
83 taco
63%
4 avocado
61%
29 dora
61%
50 lollipop
61%
51 loser
61%
73 ruby
61%
5 balloony
59%
10 black hole
59%
33 fanny
59%
40 gelatin
59%
42 grassy
59%
52 marker
59%
55 needle
59%
67 puffball
59%
85 teardrop
59%
88 TV
59%
92 yellow face
59%
6 barf bag
56%
37 foldy
56%
54 naily
56%
56 nickel
56%
68 remote
56%
91 woody
56%
3 anchor
54%
19 cake
54%
22 clock
54%
27 discy
54%
30 eggy
54%
70 roboty
54%
71 rocky
54%
75 saw
54%
9 bell
51%
14 book
51%
17 bracelety
51%
23 cloudy
51%
38 fries
51%
39 gaty
51%
49 liy
51%
57 nonexisty
51%
62 pie
51%
63 pillow
51%
82 stapy
51%
20 camera
49%
48 lightning
49%
72 rubber spatula
49%
74 salt lamp
49%
84 tape
49%
13 bomby
46%
16 bottle
46%
25 conch shell
46%
45 kitchen sink
46%
59 PDA
46%
11 blender
44%
15 boom mic
44%
47 leek
44%
58 onigiri
44%
77 shampoo
44%
78 shopping cart
44%
8 battery
41%
21 clapboard
41%
89 VHSy
41%
66 profily
39%
44 income tax return document
37%
76 scissors
32%
79 snare drum
29%
No matching quizzes found
Score Distribution
Percent of People with Each Score
Percentile by Number Answered
Your Score History
You have not taken this quiz